البحوث العلمية و الدراسات الميدانية فى مجالات الطفولة اعداد و تدريب معلمة الاطفال / (Record no. 62260)
[ view plain ]
| 000 -الفاتح | |
|---|---|
| حقل البيانات ثابتة الطول | 01053nam a22002417a 4500 |
| 005 - وقت وتاريخ اخر تعامل مع التسجيلة | |
| رقم الضبط | 20240530110541.0 |
| 008 - عناصر البيانات ثابتة الطول - معلومات عامة | |
| حقل البيانات ثابتة الطول | 160514s2013 ua a g 000 0 ara d |
| 017 ## - رقم الايداع القانونى | |
| رقم الايداع القانونى | 22758/2012 |
| المصدر ( الهيئة المختصة) | مصر . دار الكتب المصرية |
| 020 ## - الرقم الدولى المعيارى للكتب | |
| الرقم الدولى المعيارى للكتاب | 9789773504954 |
| 040 ## - مصدر الفهرسة | |
| وكالة الفهرسة الأصلية | EG-CaGPL |
| 082 04 - رقم تصنيف ديوى العشرى | |
| رقم الطبعة | 21 |
| رقم التصنيف | 370.711\ |
| رقم المادة | ف ب |
| 100 0# - المدخل الرئيسى - إسم شخصى | |
| الإسم الشخصى | فوزية محمود النجاحى . |
| 245 12 - بيان العنوان | |
| العنوان | البحوث العلمية و الدراسات الميدانية فى مجالات الطفولة اعداد و تدريب معلمة الاطفال / |
| بيان المسئوليه,etc | فوزية محمود النجاحى ، حنان محمد عبدالحليم نصار . |
| 250 ## - بيان الطبعة | |
| بيان الطبعة | ط.1. |
| 260 ## - PUBLICATION, DISTRIBUTION, ETC. (IMPRINT) | |
| تاريخ النشر أو التوزيع | 2013 . |
| 300 ## - الوصف المادى | |
| التعداد | 267 ص : |
| تفاصيل ماديه اخرى للوعاء | ايض ؛ |
| أبعاد الوعاء | 24 سم . |
| 650 04 - المدخل الاضافى بالموضوع-مصطلح موضوعى | |
| مصطلح موضوعي | التعليم |
| التقسيم الفرعي العام | بحوث . |
| 650 04 - المدخل الاضافى بالموضوع-مصطلح موضوعى | |
| مصطلح موضوعي | رياض الاطفال . |
| 650 04 - المدخل الاضافى بالموضوع-مصطلح موضوعى | |
| مصطلح موضوعي | المدرسون |
| التقسيم الفرعي العام | تدريب . |
| 700 0# - المدخل الاضافى - اسم شخصى | |
| الإسم الشخصى | حنان محمد عبدالحليم نصار |
| الدور | مؤلف مشارك . |
| 942 ## - عناصر المدخل الإضافي( كوها) | |
| مصدر التصنيف او مخطط الترفيف | Dewey Decimal Classification |
| Koha [default] item type | كتاب |
| 260 ## - PUBLICATION, DISTRIBUTION, ETC. (IMPRINT) | |
| -- | القاهرة : |
| -- | دار الكتاب الحديث ، |
| حالة التراجع | حالة الفقد | حالة تلف | ليس للاعارة | المكان المؤقت | الموقع الحالى | تاريخ الاكتساب | اجمالي اﻻعارات | رقم الطلب | الباركود | تاريخ اخر مشاهدة | تاريخ تفعيل السعر | نوع وعاء كوها |
|---|---|---|---|---|---|---|---|---|---|---|---|---|
| مكتبة القاهرة الكبرى | مكتبة القاهرة الكبرى | 05/14/2016 | 370.711\ ف ب | 161928 | 05/14/2016 | 05/14/2016 | كتاب |

